|
|
|
|
| LEADER |
01796nam a2200421 a 4500 |
| 001 |
000397212 |
| 003 |
CZ BrMZK |
| 005 |
20210312061952.0 |
| 007 |
ta |
| 008 |
980115s1998 xr e p cze d |
| 015 |
|
|
|a cnb000657653
|
| 020 |
|
|
|a 80-210-1942-5
|
| 035 |
|
|
|a (OCoLC)41832142
|
| 040 |
|
|
|a BOA001
|b cze
|
| 072 |
|
7 |
|a 336.7
|x Finance
|2 Konspekt
|9 4
|
| 072 |
|
7 |
|a 37.016
|x Učební osnovy. Vyučovací předměty. Učebnice
|2 Konspekt
|9 22
|
| 080 |
|
|
|a 336.74:338.23
|2 MRF
|
| 080 |
|
|
|a 338.2
|2 MRF
|
| 080 |
|
|
|a 336.711
|2 MRF
|
| 080 |
|
|
|a (075.8)
|2 MRF
|
| 100 |
1 |
|
|a Kvizda, Martin,
|d 1969-
|7 ola2003201123
|4 aut
|
| 245 |
1 |
0 |
|a Centrální banka a národní hospodářství /
|c Martin Kvizda
|
| 250 |
|
|
|a 1. vyd.
|
| 260 |
|
|
|a Brno :
|b Masarykova univerzita,
|c 1998
|
| 300 |
|
|
|a 217 s. ;
|c 21 cm
|
| 500 |
|
|
|a Určeno především pro posl. 3. a 5. roč. - Bibliogr.
|
| 650 |
0 |
7 |
|a měnová politika
|7 ph115398
|2 czenas
|
| 650 |
0 |
7 |
|a hospodářská politika
|7 ph114701
|2 czenas
|
| 650 |
0 |
7 |
|a centrální bankovnictví
|7 ph119101
|2 czenas
|
| 655 |
|
7 |
|a učebnice vysokých škol
|7 fd133772
|2 czenas
|
| 710 |
2 |
|
|a Masarykova univerzita.
|b Ekonomicko-správní fakulta
|7 kn20010709273
|
| 910 |
|
|
|a BOA001
|b 2-1056.036
|
| 990 |
|
|
|a BK
|
| 996 |
7 |
|
|b 2610087385
|c 2-1056.036
|l MZK
|r Sklad / do 1 hodiny
|n 31
|p p.v.
|w 000397212
|u 000010
|a 1
|e BOA001
|j MZK50
|s A
|
| 996 |
6 |
|
|b 2610091302
|c 2-1056.036
|l MZK
|r Sklad / do 1 hodiny
|n 4
|p kup
|w 000397212
|u 000020
|a 1
|e BOA001
|j MZK50
|s P
|
| 996 |
7 |
|
|b 2610091303
|c 2-1056.036
|l MZK
|r Sklad / do 1 hodiny
|n 30
|p kup
|w 000397212
|u 000030
|a 1
|e BOA001
|j MZK50
|s A
|
| 996 |
7 |
|
|b 2610091304
|c 2-1056.036
|l MZK
|r Sklad / do 1 hodiny
|n 30
|p kup
|w 000397212
|u 000040
|a 1
|e BOA001
|j MZK50
|s A
|
| 996 |
7 |
|
|b 2610091305
|c 2-1056.036
|l MZK
|r Sklad / do 1 hodiny
|n 28
|p kup
|w 000397212
|u 000050
|a 1
|e BOA001
|j MZK50
|s A
|